000 00713nam a2200181 a 4500
001 BRCA_2140
005 20190320203702.0
008 130808s1992----mx-#---###---#000-0#spa-#
050 4 _aF1391.P8
_b.L43 86
_c1992
100 1 _aCarballido Pacheco, Arnulfo
_96457
245 1 0 _aReferencia histórica de los hechos de Santa Clara del 18 de noviembre de 1910
_cArnulfo Carballido Pacheco.
260 _aPuebla, México
_bGobierno del Estado de Puebla : Secretaría de Cultura : Comisión Puebla V Centenario
_c1992
300 _a23 p.
_c21 cm.
440 0 _aLecturas Históricas de Puebla
_n86
_96458
651 4 _aPuebla (México)
_xHistoria
_9409
651 4 _aPuebla (México)
_xSanta Clara
_y1910
_96459
942 _2lcc
_cB
999 _c1897
_d1897